000 00412nam a2200169Ia 4500
008 240729s9999 xx 000 0 und d
022 _a2673-7159
245 0 _aConservation
260 _aSwitzerland
260 _bMDPI AG
650 _a Biology (General)
650 _a Ecology
650 _aScience
856 _uhttps://doaj.org/toc/aa1c0df8a1f748e38d192875577843a4
942 _2ddc
942 _cDOAJEJ
999 _c71884
_d71884
945 _a1
_bMadushi Gamage
_c1
_dMadushi Gamage